Villes de Turquie sur une carte - Statistiques

Statistiques générales
  • Ce quiz a été pris 41 fois
  • Le résultat moyen est 7 sur 16
Réponses sur la Carte
Les réponses sont colorées sur une échelle allant du rouge au vert en fonction du pourcentage des utilisateurs qui les ont devinées à leur premier essai. Vous pouvez retrouver ces pourcentages ci-dessous.
 
Statistiques - réponses
Population Ville % Correct
2619832 Antalya
80%
15462452 Istanbul
80%
5747325 Ankara
60%
1040915 Denizli
60%
4367251 Izmir
60%
2035809 Şanlıurfa
60%
3147818 Bursa
40%
1047824 Eskişehir
40%
2135424 Gaziantep
40%
1434357 Kayseri
40%
2237940 Adana
20%
2250020 Konya
20%
1868757 Mersin
20%
1348542 Samsun
20%
807903 Trabzon
20%
1791373 Diyarbakır
0%
Aucun quiz correspondant
Distribution des résultats
% des personnes avec chaque résultat
Percentile par nombre de réponses
Votre historique - résultats
Vous n’avez pas pris ce quiz